00642 2200217 4500001002100000005001700021008004100038035002400079082001200103090002100115100002400136245010300160250001100263260002200274300002700296500002600323650002700349700001900376850001200395999001700407YOGYA-0209000003423020141118084746.0 ind  0010-020900000034230 a621.384 aR 621.384bYur M aYURY, Rm. Francis D aMembuat sendiri radio wireles microphonecRm. Francis D. Yury, M. Rifai E. Jauhari, Bambang Oetoyo aCet. 1 aSolobAnekac1995 a35 hlm.bilus.c21 cm. aBibliografi : hlm. 56 aRadio gelombang pendek aUtoyo, Bambang aYOPDYOG a0062651-P/95